Tổng hợp Nano vàng từ dịch chiết khế Averhoa Carambola L. cho hoạt tính kháng khuẩn staphylococcus Aureus
Cơ quan chủ trì: Đại học Thủ Dầu Một; TLTK sau phần kết luận; Đề tài tổng hợp thành công hạt nano vàng bằng sử dụng dịch chiết từ cây khế averhoa carambola L.; Khảo sát hoạt tính kháng khuẩn của hạt nano vàng...
में बचाया:
| मुख्य लेखक: | |
|---|---|
| स्वरूप: | पुस्तक |
| भाषा: | Undetermined |
| प्रकाशित: |
Bình Dương, 2017
|
| विषय: | |
| ऑनलाइन पहुंच: | http://lrc.tdmu.edu.vn/opac/search/detail.asp?aID=2&ID=30232 |
| टैग : |
टैग जोड़ें
कोई टैग नहीं, इस रिकॉर्ड को टैग करने वाले पहले व्यक्ति बनें!
|
| Thư viện lưu trữ: | Trung tâm Học liệu Trường Đại học Thủ Dầu Một |
|---|
| LEADER | 01194nam a2200181Ia 4500 | ||
|---|---|---|---|
| 001 | TDMU_30232 | ||
| 008 | 210410s9999 xx 000 0 und d | ||
| 082 | |a 004.6 | ||
| 090 | |b NG527 | ||
| 100 | |a Nguyễn, Thị Dạ Lý Hương | ||
| 245 | 0 | |a Tổng hợp Nano vàng từ dịch chiết khế Averhoa Carambola L. cho hoạt tính kháng khuẩn staphylococcus Aureus | |
| 245 | 0 | |c Nguyễn Thị Dạ Lý Hương; ThS.Nguyễn Thị Nhật Hằng (h.d) | |
| 260 | |a Bình Dương, 2017 | ||
| 300 | |a 44tr | ||
| 520 | |a Cơ quan chủ trì: Đại học Thủ Dầu Một; TLTK sau phần kết luận; Đề tài tổng hợp thành công hạt nano vàng bằng sử dụng dịch chiết từ cây khế averhoa carambola L.; Khảo sát hoạt tính kháng khuẩn của hạt nano vàng | ||
| 650 | |a Báo cáo khoa học; Tổng hợp Nano vàng |x Hoạt tính kháng khuẩn; Dịch chiết khế averhoa carambola L. |x Hoạt tính kháng khuẩn | ||
| 856 | |u http://lrc.tdmu.edu.vn/opac/search/detail.asp?aID=2&ID=30232 | ||
| 980 | |a Trung tâm Học liệu Trường Đại học Thủ Dầu Một | ||